Ứng dụng tin học trong giảng dạy vật lý Phần thực hành
Ứng dụng tin học trong giảng dạy vật lý
Guardado en:
| Autor Corporativo: | |
|---|---|
| Formato: | Libro |
| Lenguaje: | Vietnamese |
| Publicado: |
H.
1998
|
| Materias: | |
| Etiquetas: |
Agregar Etiqueta
Sin Etiquetas, Sea el primero en etiquetar este registro!
|
| Thư viện lưu trữ: | Mạng thư viện Đại học Đà Nẵng |
|---|
| LEADER | 01118nam a2200325 4500 | ||
|---|---|---|---|
| 001 | 000009290 | ||
| 003 | 5486 | ||
| 005 | 20111026081052.0 | ||
| 008 | 111026s1998 viesd | ||
| 041 | 0 | |a vie | |
| 082 | |a 530.0285 |b Ưng | ||
| 110 | |a Đại học Bách khoa Hà Nội |b Viện vật lý kỹ thuật - Bộ môn vật lý tin học | ||
| 245 | 0 | |a Ứng dụng tin học trong giảng dạy vật lý |b Phần thực hành | |
| 260 | |a H. |c 1998 | ||
| 300 | |a 21tr |c 27cm | ||
| 520 | |a Ứng dụng tin học trong giảng dạy vật lý | ||
| 653 | |a Tin học | ||
| 653 | |a Ứng dụng | ||
| 653 | |a Vật lý | ||
| 910 | |a MPhuong |d 26/10 | ||
| OWN | |a LSP | ||
| AVA | |a UDN50 |b LSP |d 530.0285 Ưng |e available |t Error 5001 Not defined in file expand_doc_bib_avail. |f 1 |g 0 |h N |i 0 |k 1 | ||
| 999 | |a From the UDN01 | ||
| AVA | |a UDN50 |b LSP |d 530.0285 Ưng |e available |t Error 5001 Not defined in file expand_doc_bib_avail. |f 1 |g 0 |h N |i 0 |k 1 | ||
| TYP | |a Monograph | ||
| TYP | |a Printed language | ||
| 980 | |a Mạng thư viện Đại học Đà Nẵng | ||